| 000 | 00565nam a2200241Ia 4500 | ||
|---|---|---|---|
| 001 | 12540 | ||
| 003 | GE_BSU | ||
| 008 | 181216s||||||||xx |||||||||||||| ||und|| | ||
| 020 | _a9780203847886 | ||
| 040 | _cGE_BSU | ||
| 080 | _a81'42 | ||
| 100 | _aGee,James Paul | ||
| 245 | 3 | _aAn introduction to Discourse Analisis | |
| 245 | _bTheory and method | ||
| 260 | _aParis | ||
| 260 | _bRoutledge | ||
| 260 | _c2011 | ||
| 300 | _a218p.23cm. | ||
| 541 | _h77Gel. | ||
| 653 | _aAn introduction to Discourse Analisis | ||
| 653 | _aTheory and method | ||
| 942 | _cBK | ||
| 999 |
_c45713 _d45713 |
||